000 004740000a22001930004500
001 003618
003 MACL
005 20150823114712.0
008 150823b xxu||||| |||| 00| 0 eng d
040 _aMACL
_cMACL
041 _aEnglish
082 _a641/CHA
100 _aChaudhuri, Ratna
_96927
245 _aWorld Of Culinary delights
_cRatna Chaudhuri
260 _aKolkata
_c2007
_bNaya Udyog,
350 _a200
650 _aFood & Drink
_96928
942 _k641
_cBK
_2ddc
999 _c15516
_d15516